Jonah /

Guardat en:
Dades bibliogràfiques
Autor principal: Stone, Louis, 1871-1935
Format: Llibre
Idioma:English
Publicat: London : Angus & Robertson, 1976.
Col·lecció:A & R classics
LEADER 00859nam a2200241 i 4500
001 c000043609
003 CARM
005 00000000000000.0
008 780825s1976 enk 00011 eng
015 |a GB*** 
019 1 |a 1262229  |5 LACONCORD2021 
020 |a 0207125252 :  |c $2.50 
035 |a (OCoLC)4230309  |5 LACONCORD2021 
050 0 0 |a PZ3.S87887  |b Jo 1976  |a PR9619.3.S835 
100 1 |a Stone, Louis,  |d 1871-1935. 
245 1 0 |a Jonah /  |c by Louis Stone ; with an introd. by Ronald McCuaig. 
260 |a London :  |b Angus & Robertson,  |c 1976. 
300 |a xii, 216 p. ;  |c 19 cm. 
490 0 |a A & R classics 
852 8 |b CARM  |h A2:AE33B0  |i B00128  |p 0008273  |f BK 
082 0 4 |a 823 
999 f f |i 2113082b-c5a5-5a82-a6b4-8c729c0a928c  |s 2f9fd9e3-f036-5361-8b2f-d1b080ee2bc2 
952 f f |p Can circulate  |a CAVAL  |b CAVAL  |c CAVAL  |d CARM 1 Store  |e B00128  |f A2:AE33B0  |h Other scheme  |i book  |m 0008273